00773nam a22002417a 45000010005000000030006000050050017000110080041000280200017000690400029000860500016001150820011001311000019001422450083001612600041002443000058002854900026003435050007003695200075003765210027004515210018004786500035004967364FISKH20250710152123.0250710b cb ||||| |||| 00| 0 eng d a033500980626 aFISKHbengcFISKHdFISKH aPZ7.F3565 W a813.83 aFerguson, Don  aEeyore, be happy! : bWalt Disney's Winnie the Pooh /cWritten by Don Ferguson aNew York : bA Golden Book, c1991.  a24 unnumbered pages : bcolor illustrations ; c21 cm aA little golden book  aH  aWinnie the Pooh and all his other friends try to help Eeyore be happy.8 a430 bLexile estimate 8 aH bRaz-Plus  aLittle Golden BookvChildren's